000 00211 a2200097 4500
001 44388
100 _a
245 _aAfganistan and Nepal
260 _aLahore
_bSang-e-Meel Publishers
_c
090 _c28115
_d28115
942 _aNUST-CAE
_cM
_c20131
999 _c279461
_d279461